000 00295nam a2200109 4500
008 160623b xxu||||| |||| 00| 0 eng d
100 _9714
_a Thane, E
245 _aThe Strength of the Hills
260 _aN.Y
_b Christian Herald House
_c1976
300 _aThe Strength of the Hills
942 _2ddc
_cBK
999 _c578
_d578